00774 2200265 4500001002100000005001500021035002500036090002200061245011800083250003100201260003300232300002500265007000300290008004100293020002200334040001700356082001600373084001800389100003500407700001600442850001200458041000800470650000900478990002100487YOGYA00000000004547220190311013327 a0010-081400000045190 aDEP 634.775 SIT b aBuah naga tidak cuma enak, tetapi juga sarat obat-obatan cespleng /cSitiatava Rizema Putra; editor, Virsya Hany aCetakan Pertama, juli 20113 aYogyakarta :bLaksana,c2011 a140 halaman ;c21 cmta130902s2011 yoi g | ind d a978-602-978-771-9 aYOPDYOGbind04223a634.775 a634.775 SIT b0 aSitiatava Rizema Putra,d1987-0 aVirsya Hany aYOPDYOG0 aind 4aBuah aCB-D.11/2011-734